00241nam a2200085Ia 4500008004100000082001900041100002000060245005500080300002000135230907s9999||||xx |||||||||||||| ||und|| a621.31042bANA aKrause, Paul C. 0aAnalysis of electric machinery and drive systems / axiv, 659 pages: